000 00421nam a2200157 i 4500
001 bg
100 1 _aGALLAGHER, Richard R.
245 0 _aMała firma to takie proste /
_cRichard R. Gallagher ; [przeł. z niem. Anita Doroba].
260 _aKraków :
_b"Signum",
_c1992.
300 _a202 s. ;
_c21 cm.
040 _cBPK
041 _apol
080 _a658.114
942 _cKS
008 s pl f |000 0 pol
999 _c5726
_d5726
856 _uhttp://koha.tu.koszalin.pl/cgi-bin/koha/opac-detail.pl?biblionumber=5726
_yKatalog online BPK